000 00653cam a2200193 i 4500
082 0 0 _a297.72
_bMAL
_cL-31ii,p-158
100 1 _aMalik, S. K.,
_937514
245 1 4 _aThe Quranic concept of war /
_cS. K. Malik ; foreword by M. Zia-ul-Haq ; pref. by A. K. Brohi.
250 _a1st ed.
260 _aDelhi :
_bHimalayan Book,
_c1986.
300 _axiii, ii, ii, 159 p. :
_bill., maps ;
_c22 cm.
500 _aIncludes index.
526 _a0
_b0
_c0
_d297_720000000000000_MAL
526 _a0
_b0
_c0
_d297_720000000000000_MAL
526 _a0
_b0
_c0
_d297_720000000000000_MAL
650 0 _aMCE
_9379
650 0 _aWar
_xKoranic teaching.
_937515
942 _2ddc
_cBK
999 _c542379
_d542379